<?xml version="1.0" encoding="UTF-8"?>
<marc:record xmlns:marc="http://www.loc.gov/MARC21/slim">
   <marc:leader>00000nam a2200000 a 4500</marc:leader>
   <marc:datafield ind1="1" ind2=" " tag="100">
      <marc:subfield code="a">Cazemier, Caja</marc:subfield>
      <marc:subfield code="4">aut</marc:subfield>
      <marc:subfield code="e">Verfasser/-in</marc:subfield>
   </marc:datafield>
   <marc:datafield ind1="0" ind2="0" tag="245">
      <marc:subfield code="a">Riskanter Chat</marc:subfield>
   </marc:datafield>
   <marc:datafield ind1="0" ind2="0" tag="245">
      <marc:subfield code="c">Caja Cazemier</marc:subfield>
   </marc:datafield>
   <marc:datafield ind1=" " ind2="1" tag="264">
      <marc:subfield code="a">Hamburg</marc:subfield>
      <marc:subfield code="b">Klopp</marc:subfield>
      <marc:subfield code="c">2008</marc:subfield>
   </marc:datafield>
   <marc:datafield ind1="1" ind2=" " tag="490">
      <marc:subfield code="a">Mittendrin</marc:subfield>
   </marc:datafield>
   <marc:datafield ind1="1" ind2=" " tag="520">
      <marc:subfield code="a">Außer Kontrolle ein Online-Flirt mit gefährlichen Folgen So verliebt war Jade noch nie. SuperSound , ihr Chatpartner, macht ihr unglaublich schöne Komplimente und flirtet mit ihr. Doch nachdem sie ihm zuliebe ihre Webcam angeschlossen hat, verändert sich ihr Verhältnis. "SuperSound" verlangt von Jade, sich auf eine Art und Weise zu zeigen, die sie nicht will. Als sie das Verhältnis abbrechen möchte, erpresst er sie. Erst mit Hilfe ihrer Freundinnen bringt sie den Mut auf, ihren Eltern davon zu erzählen und SuperSound bei der Polizei anzuzeigen . Ein "mittendrin"-Roman zu einem brisanten und aktuellen Thema: Missbrauch im Internet. Mit Anhang Safer Chatten .</marc:subfield>
   </marc:datafield>
   <marc:datafield ind1=" " ind2=" " tag="020">
      <marc:subfield code="a">9783781703193</marc:subfield>
      <marc:subfield code="9">9783781703193</marc:subfield>
   </marc:datafield>
   <marc:datafield ind1=" " ind2=" " tag="020">
      <marc:subfield code="a">3781703193</marc:subfield>
      <marc:subfield code="9">3781703193</marc:subfield>
   </marc:datafield>
   <marc:datafield ind1=" " ind2=" " tag="500">
      <marc:subfield code="a">Aus dem Niederländ. von Sonja Fiedler-Tresp</marc:subfield>
   </marc:datafield>
   <marc:datafield ind1=" " ind2=" " tag="300">
      <marc:subfield code="a">156 S.</marc:subfield>
   </marc:datafield>
</marc:record>
